Paesi con più siti UNESCO in Europa - Statistics

Statistiche generali
  • Questo quiz è stato fatto 29 volte
  • Il punteggio medio è 26 su 28
Statistiche sulle risposte
N° totale di siti N° di siti culturali N° di siti naturali N° di siti misti Paese % Corretto
54 45 7 2 Francia
100%
55 52 3 / Germania
100%
61 55 6 / Italia
100%
35 29 5 1 Regno Unito
100%
50 44 4 2 Spagna
100%
16 15 1 / Belgio
96%
8 7 1 / Norvegia
96%
13 12 1 / Paesi Bassi
96%
17 16 1 / Portogallo
96%
11 9 2 / Romania
96%
33 22 11 / Russia
96%
8 6 2 / Slovacchia
96%
5 3 2 / Slovenia
96%
8 7 1 / Ucraina
96%
5 3 2 / Bosnia ed Erzegovina
91%
7 6 1 / Finlandia
91%
20 18 / 2 Grecia
91%
17 15 2 / Polonia
91%
5 5 / / Serbia
91%
15 13 1 1 Svezia
91%
13 9 4 / Svizzera
91%
8 7 1 / Ungheria
91%
12 11 1 / Austria
87%
10 7 3 / Bulgaria
87%
17 16 1 / Cechia
87%
10 8 2 / Croazia
87%
12 8 4 / Danimarca
87%
5 5 / / Lituania
78%
Nessun quiz corrispondente trovato
Distribuzione punteggi
Percentuale di utenti per punteggio
Percentile per numero di risposta
I tuoi punteggi nel tempo
Non hai fatto questo quiz